Statistics for ESPN 2019-20 NBA Season Leaders

Click here to take the quiz!

General Stats

  • This quiz has been taken 29 times
  • The average score is 22 of 25

Answer Stats

#TeamPointsReboundsAnswer% Correct
7LAL26.79.4Anthony Davis
100%
8POR28.94.3Damian Lillard
100%
1MIL29.613.7Giannis Antetokounmpo
100%
2HOU34.46.4James Harden
100%
14PHI23.411.8Joel Embiid
100%
5MIN26.510.8Karl-Anthony Towns
100%
12LAC26.97.3Kawhi Leonard
100%
4LAL25.77.9LeBron James
100%
10WAS30.54.2Bradley Beal
96%
15PHO26.14.2Devin Booker
96%
11BKN27.45.2Kyrie Irving
96%
3DAL28.79.3Luka Doncic
96%
13DEN20.210.2Nikola Jokic
96%
22TOR23.67.5Pascal Siakam
92%
6ATL29.64.3Trae Young
92%
9HOU27.58.0Russell Westbrook
88%
24SAS22.25.6DeMar DeRozan
81%
17IND18.512.4Domantas Sabonis
81%
16ATL21.610.1John Collins
81%
21PHI16.77.8Ben Simmons
73%
25PHO19.012.0Deandre Ayton
73%
18CLE17.715.2Andre Drummond
65%
19NOR24.36.3Brandon Ingram
65%
23ORL19.511.0Nikola Vucevic
62%
20POR16.314.2Hassan Whiteside
54%

Score Distribution

Percentile by Number Answered

Percent of People with Each Score

Your Score History

You have not taken this quiz